[Event "Chigorin Memorial 23rd"]
[Site "St Petersburg"]
[Date "2015.10.05"]
[Round "3"]
[White "Muhtarov, Leonid"]
[Black "Gantsevich, Dmitry"]
[Result "1-0"]
[WhiteElo "2060"]
[BlackElo "1818"]
[PlyCount "73"]
[EventDate "2015.10.03"]
[EventType "swiss"]
[EventRounds "9"]
[EventCountry "RUS"]
[SourceTitle "CBM 168 Extra"]
[Source "ChessBase"]
[SourceDate "2015.10.29"]
[SourceVersion "1"]
[SourceVersionDate "2015.10.29"]
[SourceQuality "1"]

1. Nf3 d6 2. g3 g6 3. Bg2 Bg7 4. d4 Nf6 5. c4 0-0 6. Nc3 Nbd7 7. 0-0 e5 8. e4 c6 9. h3 Qb6 10. Re1 Re8 11. Na4 Qc7 12. Qc2 b6 13. Be3 Bb7 14. Rad1 Rad8 15. Nc3 exd4 16. Nxd4 Nc5 17. b4 Ne6 18. Nxe6 fxe6 19. c5 d5 20. cxb6 axb6 21. exd5 Nxd5 22. Nxd5 exd5 23. Rxd5 Ra8 24. Rdd1 Qf7 25. a4 c5 26. Bxb7 Qxb7 27. bxc5 bxc5 28. Bxc5 Rxe1+ 29. Rxe1 Qc6 30. Qc4+ Kh8 31. Re6 Qc8 32. Qe4 Qg8 33. a5 Rc8 34. a6 Bf8 35. Bd4+ Bg7 36. Re7 Qa2 37. Rxg7 1-0

[Event "Chigorin Memorial 22nd"]
[Site "St Petersburg"]
[Date "2014.10.23"]
[Round "6"]
[White "Gantsevich, Dmitry"]
[Black "Sakorenko, Adriana"]
[Result "1-0"]
[WhiteElo "1698"]
[BlackElo "1893"]
[PlyCount "85"]
[EventDate "2014.10.18"]
[EventType "swiss"]
[EventRounds "9"]
[EventCountry "RUS"]
[SourceTitle "EXT 2015"]
[Source "ChessBase"]
[SourceDate "2014.11.20"]
[SourceVersion "1"]
[SourceVersionDate "2014.11.20"]
[SourceQuality "1"]

1. d4 Nf6 2. c4 e6 3. g3 d5 4. Bg2 Be7 5. Nc3 c6 6. Nf3 0-0 7. 0-0 Nbd7 8. Qc2 Nb6 9. Ne5 dxc4 10. Rd1 Nfd5 11. e4 Nc7 12. Qe2 Nb5 13. Be3 Bf6 14. a4 Nxc3 15. bxc3 Bxe5 16. dxe5 Qc7 17. Bc5 Re8 18. Bd6 Qd8 19. a5 Nd7 20. Qxc4 Kh8 21. Bb4 Qc7 22. Bd6 Qd8 23. Bb4 Qc7 24. Bd6 Qd8 25. Rd3 f6 26. Bh3 fxe5 27. Bxe5 Qg5 28. Bf4 Qc5 29. Qb3 Qh5 30. g4 Qf7 31. Bd6 Nf6 32. Rf3 Qg6 33. e5 Ne4 34. Rd1 Ng5 35. Rg3 Nxh3+ 36. Rxh3 Qxg4+ 37. Rg3 Qf5 38. Rdd3 Qe4 39. Rdf3 g6 40. c4 Qd4 41. Rf7 b6 42. Qf3 Ba6 43. Qf6+ 1-0

[Event "Chigorin Memorial 22nd"]
[Site "St Petersburg"]
[Date "2014.10.21"]
[Round "4"]
[White "Gantsevich, Dmitry"]
[Black "Hyotyla, Tapio"]
[Result "0-1"]
[WhiteElo "1698"]
[BlackElo "1840"]
[PlyCount "124"]
[EventDate "2014.10.18"]
[EventType "swiss"]
[EventRounds "9"]
[EventCountry "RUS"]
[SourceTitle "EXT 2015"]
[Source "ChessBase"]
[SourceDate "2014.11.20"]
[SourceVersion "1"]
[SourceVersionDate "2014.11.20"]
[SourceQuality "1"]

1. e4 g6 2. d4 Bg7 3. Nc3 a6 4. f4 d5 5. e5 h5 6. Nf3 Bg4 7. h3 Bxf3 8. Qxf3 e6 9. Bd3 h4 10. Be3 Ne7 11. 0-0 Nf5 12. Bf2 Bf8 13. Ne2 Nd7 14. c4 dxc4 15. Bxc4 c6 16. Rfd1 Nb6 17. Bb3 Bh6 18. Rac1 Ne7 19. Bxh4 Qd7 20. Bf2 g5 21. fxg5 Bxg5 22. Be3 Bxe3+ 23. Qxe3 0-0-0 24. Nf4 Nf5 25. Qf2 Kb8 26. a4 Rdg8 27. a5 Nc8 28. Bc2 Nfe7 29. Be4 Na7 30. Rc3 Nb5 31. Rf3 Rg7 32. Ne2 Nd5 33. Bxd5 exd5 34. Rg3 Rgh7 35. Rf1 Qd8 36. b4 Qe7 37. Qe1 Ka7 38. Qd2 Rh4 39. Rf4 R4h7 40. Rf1 Nc7 41. Nf4 Qh4 42. Qe3 Qe7 43. Qc3 Nb5 44. Qd2 Qh4 45. Rg4 Qe7 46. Nd3 Rh4 47. Rxh4 Rxh4 48. Nf4 Qg5 49. Qf2 Nc3 50. Kh2 Ne4 51. Qe3 Qe7 52. g3 Rh7 53. Nd3 Rg7 54. g4 Rh7 55. Kg2 Qh4 56. Nc5 Ng5 57. Rh1 Rh8 58. Qg3 Qh7 59. h4 Ne4 60. Qd3 Rg8 61. Kf3 Rxg4 62. Rf1 Rg3+ 0-1

[Event "Chigorin Memorial 22nd"]
[Site "St Petersburg"]
[Date "2014.10.19"]
[Round "2"]
[White "Gantsevich, Dmitry"]
[Black "Rozhnov, Valeriy"]
[Result "0-1"]
[WhiteElo "1698"]
[BlackElo "2069"]
[PlyCount "130"]
[EventDate "2014.10.18"]
[EventType "swiss"]
[EventRounds "9"]
[EventCountry "RUS"]
[SourceTitle "EXT 2015"]
[Source "ChessBase"]
[SourceDate "2014.11.20"]
[SourceVersion "1"]
[SourceVersionDate "2014.11.20"]
[SourceQuality "1"]

1. Nf3 d5 2. g3 Nf6 3. Bg2 g6 4. 0-0 Bg7 5. d3 0-0 6. Nbd2 c6 7. e4 dxe4 8. dxe4 Qc7 9. c3 e5 10. Qc2 Bg4 11. h3 Bxf3 12. Nxf3 Nbd7 13. Be3 Rad8 14. Rfd1 Nb6 15. Bf1 Rd7 16. Rd2 Rfd8 17. Rad1 Rxd2 18. Rxd2 Rxd2 19. Nxd2 Qd7 20. Kg2 Nc8 21. f3 b6 22. Nc4 Ne8 23. a4 Ned6 24. Qd2 Qc7 25. b4 Nxc4 26. Bxc4 Nd6 27. Bb3 Nb7 28. Bg5 a5 29. f4 h6 30. Bh4 exf4 31. gxf4 axb4 32. cxb4 Kh7 33. f5 Qe5 34. fxg6+ fxg6 35. Qe2 Nd6 36. Bc2 Qc3 37. Be1 Qf6 38. Qg4 Qb2 39. Qe2 Nf7 40. Qd3 Ne5 41. Qe2 Qa3 42. b5 c5 43. Qd1 Nc4 44. Bf2 Ne3+ 45. Bxe3 Qxe3 46. Qd3 Qg5+ 47. Qg3 Qd2+ 48. Qf2 Qg5+ 49. Qg3 Qd2+ 50. Qf2 Qxf2+ 51. Kxf2 Bd4+ 52. Kf3 Kg7 53. Bb3 Kf6 54. Kg4 h5+ 55. Kf3 g5 56. Bc4 Bc3 57. Bb3 Ke5 58. Bd5 Bb2 59. Bf7 g4+ 60. hxg4 hxg4+ 61. Kxg4 Kxe4 62. Bg6+ Kd4 63. Kf5 Kc4 64. Bh5 Kd4 65. Ke6 c4 0-1

[Event "Chigorin Memorial 21st"]
[Site "St Petersburg"]
[Date "2013.10.09"]
[Round "5"]
[White "Gantsevich, Dmitry"]
[Black "Mihailov, Dmitrii"]
[Result "0-1"]
[WhiteElo "1655"]
[BlackElo "1819"]
[PlyCount "118"]
[EventDate "2013.10.05"]
[EventType "swiss"]
[EventRounds "9"]
[EventCountry "RUS"]
[SourceTitle "CBM 156 Extra"]
[Source "ChessBase"]
[SourceDate "2013.10.22"]
[SourceVersion "1"]
[SourceVersionDate "2013.10.22"]
[SourceQuality "1"]

1. e4 Nf6 2. e5 Nd5 3. d4 d6 4. Nf3 g6 5. Bc4 Nb6 6. Bb3 Bg7 7. exd6 cxd6 8. 0-0 0-0 9. Re1 d5 10. c3 Nc6 11. Bf4 Nc4 12. Bxc4 dxc4 13. Na3 Qd5 14. Ne5 Na5 15. Qa4 Be6 16. Nb5 Qd8 17. Nf3 Bd7 18. Qb4 Bxb5 19. Qxb5 e6 20. Rad1 a6 21. Qb4 Qd5 22. Nd2 Rfc8 23. Be5 Bf8 24. Qa4 b6 25. Ne4 Be7 26. Bd6 Qb7 27. Be5 Nc6 28. Nd6 Bxd6 29. Bxd6 b5 30. Qc2 Re8 31. Qd2 Kg7 32. Qf4 Qd7 33. Qg3 Rad8 34. Bf4 Qd5 35. Qe3 h5 36. Qg3 f6 37. Bd2 e5 38. dxe5 Rxe5 39. Rxe5 Qxe5 40. Qxe5 fxe5 41. f3 Rd3 42. Kf2 Kf6 43. h3 h4 44. Ke2 Kf5 45. Bc1 Rxd1 46. Kxd1 Ne7 47. Kc2 Nd5 48. b3 Nf4 49. bxc4 bxc4 50. Kb2 Nxg2 51. Ka3 Nf4 52. Kb4 Nd3+ 53. Kxc4 Nxc1 54. a4 Ne2 55. a5 Kf4 56. Kc5 Nxc3 57. Kb6 Kxf3 58. Kxa6 e4 59. Kb6 Nd5+ 0-1

[Event "Chigorin Memorial 21st"]
[Site "St Petersburg"]
[Date "2013.10.08"]
[Round "4"]
[White "Nuritdinov, Nizomiddin"]
[Black "Gantsevich, Dmitry"]
[Result "1-0"]
[WhiteElo "1882"]
[BlackElo "1655"]
[PlyCount "93"]
[EventDate "2013.10.05"]
[EventType "swiss"]
[EventRounds "9"]
[EventCountry "RUS"]
[SourceTitle "CBM 156 Extra"]
[Source "ChessBase"]
[SourceDate "2013.10.22"]
[SourceVersion "1"]
[SourceVersionDate "2013.10.22"]
[SourceQuality "1"]

1. d4 Nf6 2. Nf3 g6 3. g3 Bg7 4. Bg2 0-0 5. 0-0 d6 6. c3 Nbd7 7. Re1 e5 8. e4 c6 9. Nbd2 Qc7 10. b3 Re8 11. Ba3 b5 12. Qc2 a5 13. Rad1 Bf8 14. dxe5 dxe5 15. Bxf8 Kxf8 16. c4 Qb6 17. Bh3 Kg7 18. Qc3 Bb7 19. Rc1 b4 20. Qb2 Qc5 21. Nf1 Qe7 22. Bxd7 Nxd7 23. Ne3 Nc5 24. Qc2 Qf6 25. Kg2 Bc8 26. Ng1 Be6 27. Nf1 Red8 28. Re3 Rd6 29. Rd1 Rad8 30. Rxd6 Rxd6 31. Nf3 g5 32. h3 h5 33. Ng1 h4 34. Nf3 g4 35. hxg4 hxg3 36. g5 Qf4 37. Nxg3 Qg4 38. Nxe5 Qh3+ 39. Kg1 Rd8 40. Nf5+ Bxf5 41. Rxh3 Bxh3 42. Nxc6 Re8 43. f3 Re6 44. Nd4 Re8 45. Qh2 Rd8 46. Qe5+ Kg6 47. Qf6+ 1-0

[Event "St Petersburg Blockade op"]
[Site "St Petersburg"]
[Date "2013.01.05"]
[Round "3"]
[White "Biyachuev, Minkail"]
[Black "Gantsevich, Dmitry"]
[Result "0-1"]
[WhiteElo "1501"]
[BlackElo "1522"]
[PlyCount "95"]
[EventDate "2013.01.03"]
[EventType "swiss"]
[EventRounds "9"]
[EventCountry "RUS"]
[SourceTitle "CBM 152 Extra"]
[Source "ChessBase"]
[SourceDate "2013.02.25"]
[SourceVersion "1"]
[SourceVersionDate "2013.02.25"]
[SourceQuality "1"]

1. e4 c5 2. Nf3 d6 3. b4 cxb4 4. Bb2 Nc6 5. a3 bxa3 6. Nxa3 e6 7. d4 Nf6 8. e5 dxe5 9. Bb5 Bd7 10. dxe5 Nd5 11. 0-0 Be7 12. Nc4 a6 13. Bxc6 Bxc6 14. Nd4 Qc7 15. Ba3 0-0 16. Nxc6 Qxc6 17. Bxe7 Nxe7 18. Nd6 Rad8 19. f4 Nf5 20. Ra3 Qc5+ 21. Rf2 Qxa3 22. Rf3 Qc5+ 23. Kh1 Qc7 24. Rd3 Nxd6 25. exd6 Qd7 26. c4 Rc8 27. Rd4 Rc6 28. Qa4 Rd8 29. h4 Rxd6 30. Rxd6 Qxd6 31. Qa5 Rb8 32. f5 e5 33. c5 Qc6 34. Qc3 e4 35. Qe5 Re8 36. Qg3 b5 37. Kg1 a5 38. Qe3 b4 39. h5 a4 40. g4 b3 41. Qc3 e3 42. f6 e2 43. Qe1 a3 44. g5 b2 45. Kf2 Qxc5+ 46. Kf3 a2 47. Qxe2 Rxe2 48. Kxe2 0-1

[Event "St Petersburg White Nights op"]
[Site "St Petersburg"]
[Date "2012.06.06"]
[Round "5"]
[White "Elizarova, Taisia"]
[Black "Gantsevich, Dmitry"]
[Result "1-0"]
[WhiteElo "1669"]
[BlackElo "1569"]
[PlyCount "53"]
[EventDate "2012.06.02"]
[EventType "swiss"]
[EventRounds "9"]
[EventCountry "RUS"]
[SourceTitle "CBM 148 Extra"]
[Source "ChessBase"]
[SourceDate "2012.06.22"]
[SourceVersion "1"]
[SourceVersionDate "2012.06.22"]
[SourceQuality "1"]

1. d4 Nf6 2. c4 g6 3. Nc3 Bg7 4. Nf3 d6 5. e4 0-0 6. Be2 Nbd7 7. 0-0 e5 8. Qc2 Nh5 9. Rd1 Qe8 10. Nb5 Qd8 11. c5 a6 12. Na3 exd4 13. cxd6 cxd6 14. Nxd4 Nc5 15. Bxh5 gxh5 16. b4 Ne6 17. Bb2 Qb6 18. Nf5 Qxb4 19. Nxg7 Nxg7 20. Nc4 Rd8 21. Bf6 Re8 22. Rab1 Qc5 23. Rd5 Qc6 24. Rg5 d5 25. e5 Qxc4 26. Rxg7+ Kf8 27. Qxh7 1-0

[Event "St Petersburg Spring op"]
[Site "St Petersburg"]
[Date "2012.03.22"]
[Round "1"]
[White "Gantsevich, Aleksei"]
[Black "Gantsevich, Dmitry"]
[Result "1/2-1/2"]
[WhiteElo "2012"]
[BlackElo "1549"]
[PlyCount "39"]
[EventDate "2012.03.22"]
[EventType "swiss"]
[EventRounds "9"]
[EventCountry "RUS"]
[SourceTitle "EXT 2013"]
[Source "ChessBase"]
[SourceDate "2012.11.22"]
[SourceVersion "1"]
[SourceVersionDate "2012.11.22"]
[SourceQuality "1"]

1. e4 c5 2. Nf3 d6 3. d4 cxd4 4. Nxd4 Nf6 5. Nc3 a6 6. Be2 e5 7. Nb3 Be7 8. 0-0 Be6 9. f4 Qc7 10. a4 Nbd7 11. Kh1 Nc5 12. Nxc5 Qxc5 13. f5 Bc4 14. Bxc4 Qxc4 15. Qf3 0-0-0 16. Bg5 Ng8 17. Be3 Nf6 18. Bg5 Ng8 19. Be3 Nf6 20. Bg5 1/2-1/2

[Event "St Petersburg Spring op"]
[Site "St Petersburg"]
[Date "2011.03.27"]
[Round "5"]
[White "Shpakovsky, Kirill"]
[Black "Gantsevich, Dmitry"]
[Result "1/2-1/2"]
[WhiteElo "1631"]
[BlackElo "1571"]
[PlyCount "87"]
[EventDate "2011.03.23"]
[EventType "swiss"]
[EventRounds "9"]
[EventCountry "RUS"]
[SourceTitle "CBM 141 Extra"]
[Source "ChessBase"]
[SourceDate "2011.05.03"]
[SourceVersion "1"]
[SourceVersionDate "2011.05.03"]
[SourceQuality "1"]

1. e4 c5 2. Nf3 d6 3. d4 cxd4 4. Nxd4 Nf6 5. Nc3 a6 6. Bg5 Nbd7 7. f4 Qb6 8. Qd2 Qxb2 9. Rb1 Qa3 10. Be2 Qc5 11. Bf3 Rb8 12. Bxf6 Nxf6 13. Na4 Qc7 14. Nb6 e6 15. c4 Be7 16. 0-0 0-0 17. Qd3 Qc5 18. Kh1 Rd8 19. Rfe1 e5 20. Nf5 Bf8 21. g3 Be6 22. Ne3 Qa5 23. Re2 Nd7 24. Nxd7 Bxd7 25. Reb2 b5 26. Qd2 Qc7 27. cxb5 Rxb5 28. Be2 Rxb2 29. Qxb2 Qa5 30. Nc4 Qc5 31. fxe5 dxe5 32. Qxe5 Bb5 33. Qxc5 Bxc5 34. Rc1 Be7 35. Bf1 Rc8 36. Rc2 Rc7 37. Bd3 Bd8 38. Rd2 Bg5 39. Rc2 Bxc4 40. Rxc4 Rxc4 41. Bxc4 a5 42. Kg2 Kf8 43. Kf3 Ke7 44. e5 1/2-1/2

[Event "St Petersburg Spring op"]
[Site "St Petersburg"]
[Date "2011.03.23"]
[Round "1"]
[White "Koshkarov, Ivan"]
[Black "Gantsevich, Dmitry"]
[Result "1-0"]
[WhiteElo "2023"]
[BlackElo "1571"]
[PlyCount "134"]
[EventDate "2011.03.23"]
[EventType "swiss"]
[EventRounds "9"]
[EventCountry "RUS"]
[SourceTitle "CBM 141 Extra"]
[Source "ChessBase"]
[SourceDate "2011.05.03"]
[SourceVersion "1"]
[SourceVersionDate "2011.05.03"]
[SourceQuality "1"]

1. e4 d6 2. d4 Nf6 3. Nc3 g6 4. f4 Bg7 5. Nf3 0-0 6. Be2 Na6 7. 0-0 c5 8. d5 Nc7 9. a4 a6 10. Kh1 Rb8 11. a5 b5 12. axb6 Rxb6 13. Nd2 Nb5 14. Nxb5 axb5 15. Ra5 b4 16. Nc4 Ra6 17. Rxa6 Bxa6 18. Nd2 Qb6 19. Bxa6 Qxa6 20. Qf3 Nd7 21. Re1 Nb6 22. h3 Qa2 23. c3 bxc3 24. bxc3 Qc2 25. e5 dxe5 26. fxe5 Bxe5 27. Rxe5 Qxc1+ 28. Nf1 Nc4 29. Re2 Qd1 30. Rxe7 Qxf3 31. gxf3 Rd8 32. Re4 Nd6 33. Re1 Nc4 34. Rd1 Kg7 35. Kg2 Kf6 36. f4 Nb6 37. Ne3 Re8 38. Kf3 Rd8 39. c4 Re8 40. Rb1 Nd7 41. Rb7 Ke7 42. Ng4 Rb8 43. Rxb8 Nxb8 44. Nf2 Nd7 45. Ke3 Kf6 46. Ne4+ Ke7 47. Kd3 f5 48. Ng5 Nf8 49. Kc3 h6 50. Nf3 Kf6 51. h4 Nd7 52. Kc2 Nb6 53. Kb3 Ke7 54. Ne5 Kf6 55. Nd3 Nd7 56. Ka4 g5 57. hxg5+ hxg5 58. fxg5+ Kxg5 59. Kb5 f4 60. Kc6 Nf6 61. Kxc5 Ne4+ 62. Kd4 Kf5 63. c5 Nxc5 64. Kxc5 f3 65. Kd4 Kf6 66. Ke3 f2 67. Kxf2 Ke7 1-0

[Event "Chigorin Memorial 18th"]
[Site "St Petersburg"]
[Date "2010.10.30"]
[Round "3"]
[White "Memarian, Milad"]
[Black "Gantsevich, Dmitry"]
[Result "1-0"]
[WhiteElo "2018"]
[BlackElo "1623"]
[PlyCount "63"]
[EventDate "2010.10.28"]
[EventType "swiss"]
[EventRounds "9"]
[EventCountry "RUS"]
[SourceTitle "EXT 2011"]
[Source "ChessBase"]
[SourceDate "2010.11.26"]
[SourceVersion "1"]
[SourceVersionDate "2010.11.26"]
[SourceQuality "1"]

1. Nf3 Nf6 2. d4 g6 3. c4 Bg7 4. Nc3 0-0 5. e4 d6 6. Be2 Nbd7 7. 0-0 e5 8. d5 a5 9. Ne1 Nc5 10. Bf3 Ne8 11. Nd3 Nxd3 12. Qxd3 f5 13. a4 Nf6 14. Rb1 fxe4 15. Nxe4 Bf5 16. b4 axb4 17. Rxb4 Rb8 18. a5 Qd7 19. Bd2 c6 20. Rb6 cxd5 21. Nxf6+ Rxf6 22. Bxd5+ Kh8 23. Qb3 Be6 24. Rxb7 Rxb7 25. Qxb7 Qxb7 26. Bxb7 Bxc4 27. a6 d5 28. a7 Rf8 29. Ra1 e4 30. a8Q Rxa8 31. Rxa8+ Bf8 32. Bh6 1-0

[Event "Chigorin Memorial 18th"]
[Site "St Petersburg"]
[Date "2010.10.29"]
[Round "2"]
[White "Napalkov, Vladimir Aleksandro"]
[Black "Gantsevich, Dmitry"]
[Result "1-0"]
[WhiteElo "2144"]
[BlackElo "1623"]
[PlyCount "81"]
[EventDate "2010.10.28"]
[EventType "swiss"]
[EventRounds "9"]
[EventCountry "RUS"]
[SourceTitle "EXT 2011"]
[Source "ChessBase"]
[SourceDate "2010.11.26"]
[SourceVersion "1"]
[SourceVersionDate "2010.11.26"]
[SourceQuality "1"]

1. d4 Nf6 2. c4 g6 3. Nc3 Bg7 4. e4 d6 5. f3 0-0 6. Be3 Nc6 7. Nge2 a6 8. Qd2 Rb8 9. Rc1 e5 10. d5 Ne7 11. g3 c5 12. dxc6 bxc6 13. Bg2 Be6 14. b3 Rc8 15. 0-0 d5 16. cxd5 cxd5 17. exd5 Nexd5 18. Nxd5 Nxd5 19. Bc5 Re8 20. Rfd1 Qf6 21. Bf2 Red8 22. Qa5 Rxc1 23. Rxc1 Bf8 24. a3 Rb8 25. b4 Bh6 26. Re1 Ne3 27. Nc3 Nxg2 28. Kxg2 Rc8 29. Ne4 Qf5 30. Qxa6 Bd5 31. Nf6+ Kh8 32. Nxd5 Rc2 33. Qf6+ Qxf6 34. Nxf6 Kg7 35. Ng4 f6 36. Nxh6 Kxh6 37. Rb1 Ra2 38. b5 Rxa3 39. b6 Ra8 40. b7 Rb8 41. Ba7 1-0